Computer Science Terms Quiz Stats

Quiz not verified by Sporcle

Challenge
Share
Tweet
Embed
Score 0/13 Timer 02:00
0 Plays Today
Hint Answer % Correct
A type of computer memory that can be accessed randomlyRAM
95.7%
The brain of the computerCentral Processor Unit
93.9%
Computer memory on which data has already been recorded onROM
72.2%
Part of computer that performs math operationsArithmetic Logic Unit
57.4%
Part of computer that understands and responds to instructionsControl Unit
47.8%
A communication system within a computer that transfers data and information between different components of that computer or device. It can cover both hardware and softwareData bus
40.9%
A shared channel that transmits data over a single wire or fiber. Examples include USB wires and Ethernet cablesSerial Bus
40.9%
A type of RAM that can be accessed faster than normal RAM. It reads data quickly from a smaller cache instead of searching through the large memory for small pieces of dataCache Memory
40%
A collection of wires connecting the CPU with main memory that is used to identify particular locations (addresses) in main memoryAddress Bus
34.8%
Computer memory that is directed accessed by he CPU. Can include cache or ROM Primary Memory
33%
Contains the data that will eventually be stored in the computer memoryMemory Data Register
27%
A CPU register that stores memory and data, which will be fetched later for useMemory Address Register
26.1%
The basic operation performed by a CPU. The cycle performs the three steps of fetch, decode, and execute at a rate of millions of times per second. The fourth step, store, is perfoMachine Instruction Cycle
22.6%

You're not logged in!

Compare scores with friends on all Sporcle quizzes.
Join for Free
OR
Log In

You Might Also Like...

Show Comments

Extras

Top Quizzes Today


Score Distribution

Your Account Isn't Verified!

In order to create a playlist on Sporcle, you need to verify the email address you used during registration. Go to your Sporcle Settings to finish the process.

Report this User

Report this user for behavior that violates our Community Guidelines.

Details: